Beautiful Mind (Record no. 303732)
[ view plain ]
| 000 -LEADER | |
|---|---|
| fixed length control field | 00375nam a2200157Ia 4500 |
| 008 - FIXED-LENGTH DATA ELEMENTS--GENERAL INFORMATION | |
| fixed length control field | 230718s9999 xx 000 0 und d |
| 041 ## - LANGUAGE CODE | |
| Language code of text/sound track or separate title | eng |
| 082 ## - DEWEY DECIMAL CLASSIFICATION NUMBER | |
| Classification number | 128.2 |
| Item number | NAS |
| 100 ## - MAIN ENTRY--PERSONAL NAME | |
| Personal name | Nasar S. |
| 9 (RLIN) | 126567 |
| 245 ## - TITLE STATEMENT | |
| Title | Beautiful Mind |
| 260 ## - PUBLICATION, DISTRIBUTION, ETC. (IMPRINT) | |
| Date of publication, distribution, etc. | 1998 |
| Name of publisher, distributor, etc. | F.F. |
| 300 ## - PHYSICAL DESCRIPTION | |
| Extent | 458 |
| 365 ## - TRADE PRICE | |
| Currency code | Rs. |
| Price amount | 305.00 |
| 700 ## - ADDED ENTRY--PERSONAL NAME | |
| Personal name | Nasar S. |
| 9 (RLIN) | 126567 |
| 906 ## - LOCAL DATA ELEMENT F, LDF (RLIN) | |
| d | B:498110-Jul-2002 |
| c | OTH |
| b | 45.75 |
| Withdrawn status | Lost status | Damaged status | Not for loan | Home library | Current library | Date acquired | Vendor | Budget Code | Cost, normal purchase price | Bill number | Total Checkouts | Full call number | Barcode | Date last seen | Discount | Cost, replacement price | Bill Date | Koha item type | Original Barcode |
|---|---|---|---|---|---|---|---|---|---|---|---|---|---|---|---|---|---|---|---|
| Cummins College of Engineering for Women Pune | Cummins College of Engineering for Women Pune | 28/06/2002 | Technical Book Services | OTH | 259.25 | 4981 | 128.2 | CCEP-BK-14939 | 18/07/2023 | 45.75 | 305.00 | 10/07/2002 | Books | 014939 |